Oxford Dictionaries Top 1000 English Words - 44 Start with J, K, Q, U, V, or Y - Statistics

General Stats
  • This quiz has been taken 2,956 times
  • The average score is 20 of 44
Answer Stats
J K Q U V Y % Correct
You
88%
Under
81%
Yes
81%
Us
79%
Your
79%
Just
77%
Up
71%
Use
67%
Very
67%
Quite
66%
Kill
62%
Young
61%
Question
57%
Yet
57%
Know
54%
Keep
52%
Kind
52%
Year
48%
Yesterday
47%
Join
45%
Unit
44%
Job
39%
Vote
37%
Kid
36%
Understand
36%
User
36%
View
33%
Knowledge
32%
Quickly
32%
Voice
32%
Until
31%
Key
30%
Quality
27%
Value
27%
Upon
26%
Judge
25%
Union
24%
Usually
24%
Visit
23%
Various
22%
Victory
22%
Video
19%
Vehicle
15%
Version
12%
No matching quizzes found
Score Distribution
Percent of People with Each Score
Percentile by Number Answered
Your Score History
You have not taken this quiz